Movies Quiz

Random Movies or Nominee Quiz

Best Animated Feature Oscar Nominations Quiz Stats

 Plays Quiz Updated Mar 5, 2018

Challenge
Share
Tweet
Score 0/69 Timer 14:00
5 Plays Today
% Correct
Shrek
99.4%
Ice Age
96.4%
Monsters, Inc.
96.4%
Finding Nemo
94.3%
Lilo & Stitch
93.3%
The Incredibles
92.9%
Cars
92.8%
Up
91.7%
WALL-E
91%
Kung Fu Panda
90.6%
Toy Story 3
90.4%
Happy Feet
89.8%
Frozen
89.2%
Shrek 2
88.2%
Brave
87.6%
How to Train Your Dragon
86%
Ratatouille
85%
Bolt
84.5%
Brother Bear
83.1%
Despicable Me 2
83.1%
Puss in Boots
82.9%
Inside Out
82.6%
Wreck-It Ralph
82.6%
How to Train Your Dragon 2
81.7%
Jimmy Neutron: Boy Genius
81.3%
Moana
81%
Big Hero 6
78.8%
The Boss Baby
78.3%
The Princess and the Frog
78.2%
Zootopia
77.2%
Rango
76.6%
Shark Tale
73%
Corpse Bride
71.4%
Wallace & Gromit: The Curse of the Were-Rabbit
67.5%
Coco
67.5%
% Correct
Fantastic Mr. Fox
67.1%
The Croods
66.8%
Coraline
66.2%
Kung Fu Panda 2
55.7%
Frankenweenie
55%
Spirited Away
55%
The Boxtrolls
54.1%
Monster House
53.2%
Surf's Up
52.6%
Ferdinand
52.3%
Treasure Planet
48.2%
Shaun the Sheep Movie
45.2%
Spirit: Stallion of the Cimarron
45.1%
ParaNorman
33.6%
Kubo and the Two Strings
31.6%
Howl's Moving Castle
31.2%
The Pirates! Band of Misfits
29.2%
Persepolis
17.7%
The Red Turtle
15.1%
Loving Vincent
13.5%
Anomalisa
12.3%
The Triplets of Belleville
12.1%
The Breadwinner
10.9%
The Wind Rises
10.9%
The Secret of Kells
10.6%
My Life as a Zucchini
9.6%
A Cat in Paris
8.4%
When Marnie Was There
7.5%
Song of the Sea
7.5%
The Illusionist
7.1%
The Tale of the Princess Kaguya
7%
Ernest & Celestine
5.9%
Chico and Rita
5.2%
Boy and the World
4.4%

You're not logged in!

Compare scores with friends on all Sporcle quizzes.
OR
Log In

You Might Also Like...

Show Comments

Extras

Top Quizzes Today


Score Distribution

Your Account Isn't Verified!

In order to create a playlist on Sporcle, you need to verify the email address you used during registration. Go to your Sporcle Settings to finish the process.

Report this User

Report this user for behavior that violates our Community Guidelines.

Details: